Catalog

Record Details

Catalog Search



Reptiles : a question and answer book  Cover Image Book Book

Reptiles : a question and answer book / by Isabel Martin ; consulting editor: Gail Saunders-Smith, PhD.

Summary:

"Simple text and colorful images illustrate types of reptiles, including common characteristics, diet, and life cycle"-- Provided by publisher.

Record details

  • ISBN: 9781491405659 (library binding)
  • ISBN: 1491405651 (library binding)
  • ISBN: 9781491406335 (paperback)
  • ISBN: 149140633X (paperback)
  • Physical Description: 24 pages : color illustrations ; 24 x 29 cm.
  • Publisher: North Mankato, Minnesota : Capstone Press, c2015.

Content descriptions

Bibliography, etc. Note:
Includes bibliographical references (page 23) and index.
Target Audience Note:
Ages 4-8.
K to grade 3.
Subject: Reptiles > Miscellanea > Juvenile literature.
Children's questions and answers.

Available copies

  • 1 of 1 copy available at scottsboropl.

Holds

  • 0 current holds with 1 total copy.
Show Only Available Copies
Location Call Number / Copy Notes Barcode Shelving Location Status Due Date
scottsboropl E 597.9 Mar 32269000955990 Juvenile - Easy NonFiction Available -

LDR 01596nam a2200385 i 4500
001138606
003CONS
00520150318081428.0
008131223t20152015mnua j b 001 0 eng c
010 . ‡a 2013050614
020 . ‡a9781491405659 (library binding)
020 . ‡a1491405651 (library binding)
020 . ‡a9781491406335 (paperback)
020 . ‡a149140633X (paperback)
035 . ‡a(CPomAG)LMN587557
042 . ‡apcc
05000. ‡aQL644.2 ‡b.M3154 2015
08204. ‡a597.9 ‡223
1001 . ‡aMartin, Isabel, ‡d1977- ‡eauthor.
24510. ‡aReptiles : ‡ba question and answer book / ‡cby Isabel Martin ; consulting editor: Gail Saunders-Smith, PhD.
264 1. ‡aNorth Mankato, Minnesota : ‡bCapstone Press, ‡cc2015.
300 . ‡a24 pages : ‡bcolor illustrations ; ‡c24 x 29 cm.
336 . ‡atext ‡2rdacontent
337 . ‡aunmediated ‡2rdamedia
338 . ‡avolume ‡2rdacarrier
4901 . ‡aPebble plus. Animal kingdom questions and answers
520 . ‡a"Simple text and colorful images illustrate types of reptiles, including common characteristics, diet, and life cycle"-- ‡cProvided by publisher.
5211 . ‡aAges 4-8.
5212 . ‡aK to grade 3.
504 . ‡aIncludes bibliographical references (page 23) and index.
650 0. ‡aReptiles ‡vMiscellanea ‡vJuvenile literature.
650 0. ‡aChildren's questions and answers.
830 0. ‡aPebble plus. ‡pAnimal kingdom questions and answers.
959 . ‡i32269000955990 ‡lJ597.9 Mar ‡aJuvenile - NonFiction ‡tJuv Nonfiction ‡g20.00
852 . ‡p32269000955990 ‡jJ597.9 Mar ‡gJuvenile - NonFiction ‡cJuv Nonfiction ‡y20.00 ‡bSBPL
901 . ‡a138606 ‡bUnknown ‡c138606 ‡tbiblio

Additional Resources